Tous les types Pokémon - Statistiques

Statistiques générales
  • Ce quiz a été pris 124 fois
  • Le résultat moyen est 15 sur 18
Statistiques - réponses
Types Réponse % Correct
7 Feu
99%
4 Eau
98%
11 Plante
92%
18 Vol
90%
6 Fée
87%
3 Dragon
85%
10 Normal
84%
13 Psy
84%
15 Sol
83%
17 Ténèbres
82%
2 Combat
80%
14 Roche
80%
16 Spectre
80%
1 Acier
79%
9 Insecte
75%
8 Glace
74%
12 Poison
74%
5 Électrik
62%
Aucun quiz correspondant
Distribution des résultats
% des personnes avec chaque résultat
Percentile par nombre de réponses
Votre historique - résultats
Vous n’avez pas pris ce quiz